000 00277nam a2200121Ia 4500
008 250224s9999 xx 000 0 und d
020 _a1844222810
082 _aJ428.6HOR
100 _aHorsley, Lorraine
245 0 _aInnosaurs
942 _cJBK
999 _c445745
_d445745